[Event "III Corporation Cup A"]
[Site "Izhevsk RUS"]
[Date "2011.07.15"]
[Round "1"]
[White "Vorobjev,D"]
[Black "Dzhumaev,M"]
[Result "1/2-1/2"]
[WhiteElo "2202"]
[BlackElo "2481"]

1.e4 g6 2.d4 Bg7 3.Nc3 c6 4.Nf3 d6 5.h3 Nf6 6.Bd3 O-O 7.O-O Nbd7 8.Qe2 e5
9.dxe5 dxe5 10.Bg5 Qe7 11.Rad1 Nc5 12.Qe3 Re8 13.Rfe1 Ne6 14.Bh6 Qc5 15.Qxc5 Nxc5
16.Bxg7 Kxg7 17.b4 Nxd3 18.Rxd3 Bd7 19.Red1 Re7 20.g4 h6 21.Rd6 Rc8 22.a4 a5
23.bxa5 Ra8 24.Rb1 Ne8 25.Rd2 Bc8 26.Rd8 Nc7 27.Rxc8 Rxc8 28.Rxb7 Kf6 29.Nd2 Ne6
30.Rb6 Rd7 31.Nc4 Rd4 32.Ne3 Ke7 33.a6 Nd8 34.Kg2 Kd7 35.Rb1 Ra8 36.Rb6 Kc7
37.a5 Kd7 38.Kg3 Ra7 39.h4 Ne6 40.Kf3 Nc5 41.Rb8 Rxa6 42.Rh8 Rxa5 43.Rxh6 Ra3
44.Ne2 Rd2 45.Rh7 Ke7 46.Ng1 Ne6 47.Kg3 Nd4 48.Nf3 Nxf3 49.Kxf3 Rxc2 50.h5 Kf6
51.h6 Rd2 52.Rh8 Raa2 53.Re8 Rxf2+ 54.Kg3 Rfe2 55.Kf3 Rh2 56.g5+ Kxg5 57.Rxe5+ f5
58.exf5 Raf2+ 59.Kg3 Re2 60.fxg6+ Kxg6 61.Re6+ Kg5 62.Rxc6 Rh1 63.Rc5+ Kxh6
64.Kf3 Ra2 65.Rc6+ Kg5 66.Rc5+ Kg6  1/2-1/2

[Event "Open ch-SVK A"]
[Site "Banska Stiavnica SVK"]
[Date "2011.07.16"]
[Round "8"]
[White "Varga,Dav"]
[Black "Petran,Pe"]
[Result "1-0"]
[WhiteElo "2364"]
[BlackElo "2295"]

1.e4 g6 2.d4 Bg7 3.Nc3 c6 4.Be3 b5 5.Be2 d6 6.f4 Nd7 7.d5 b4 8.dxc6 bxc3
9.cxd7+ Bxd7 10.Bd4 Bxd4 11.Qxd4 Nf6 12.e5 cxb2 13.Rb1 Qa5+ 14.Kf1 Qxa2 15.Rxb2 Qa1+
16.Kf2 Ne4+ 17.Qxe4 O-O 18.Qd4 dxe5 19.Qxe5 Be6 20.Rb4 Qxe5 21.fxe5 a5 22.Ra4 Rfb8
23.Nf3 Rb2 24.Rha1 Rxc2 25.Rxa5 Rxa5 26.Rxa5 Bc4 27.Nd4 Rd2 28.Ke3 Rxd4 29.Kxd4 Bxe2
30.Ra7 Kf8 31.Ra8+ Kg7 32.Re8 e6 33.Re7 g5 34.Rc7 Bh5 35.Rc2 Bg6 36.Rf2 h5
37.Rf6 h4 38.g4 hxg3 39.hxg3 Bf5 40.Kc5 Bg6 41.Kd6 g4 42.Ke7 Bh5 43.Rf4 Kg8
44.Kf6 Kf8 45.Ra4 Ke8 46.Ra7 Bg6 47.Re7+ Kf8 48.Rxe6  1-0

[Event "10th Bergamo Open"]
[Site "Bergamo ITA"]
[Date "2011.07.16"]
[Round "3.4"]
[White "Drazic,S"]
[Black "Bodiroga,P"]
[Result "1-0"]
[WhiteElo "2501"]
[BlackElo "2395"]

1.e4 g6 2.Nc3 Bg7 3.d4 c6 4.f4 d5 5.e5 Nh6 6.Be2 O-O 7.Be3 f6 8.Nf3 Qb6 9.Na4 Qa5+
10.c3 Qc7 11.Nc5 b6 12.Nd3 Bf5 13.O-O Nd7 14.h3 Kh8 15.Nf2 Be4 16.g4 fxe5
17.dxe5 Bxf3 18.Bxf3 g5 19.fxg5 Nxe5 20.Bg2 Nhf7 21.Bf4 Qd7 22.h4 Nc4 23.Qe2 e5
24.Bg3 b5 25.Rad1 Rae8 26.Ne4 Qe7 27.Nf6 Rd8 28.Nxh7 Kxh7 29.g6+ Kxg6 30.Be4+ dxe4
31.Qxe4+ Kh6 32.Bf4+ exf4 33.Qxe7 Rxd1 34.Rxd1 Nfe5 35.Rf1 f3 36.b3 Nb6 37.g5+ Kh7
38.h5 Nd5 39.Qxa7 Kg8 40.h6 Rf7 41.Qb8+ Rf8 42.Qd6 Bh8 43.g6 Bf6 44.Qe6+  1-0

[Event "3rd International Open"]
[Site "Rethymno GRE"]
[Date "2011.07.18"]
[Round "9"]
[White "Georgakopoulos,N"]
[Black "Svetushkin,D"]
[Result "0-1"]
[WhiteElo "2283"]
[BlackElo "2576"]

1.e4 g6 2.d4 Bg7 3.Nc3 c6 4.h3 d6 5.Nge2 b5 6.a3 Bb7 7.g4 Nf6 8.Ng3 h5 9.g5 Nfd7
10.Bg2 e5 11.d5 Nb6 12.Qe2 a5 13.Be3 Ba6 14.Qd1 b4 15.Nce2 h4 16.Nf1 cxd5
17.exd5 Nc4 18.Bc1 O-O 19.Be4 Nd7 20.Rg1 Nc5 21.Rg4 f5 22.gxf6 Qxf6 23.Be3 Nxe3
24.Nxe3 Qxf2+ 25.Kd2 Nxe4+ 26.Rxe4 Rf4 27.Rxf4 exf4 28.Ng4 Qg2 29.Qf1 Qxd5+  0-1

[Event "4th Paleohora Open"]
[Site "Paleochora GRE"]
[Date "2011.07.21"]
[Round "3"]
[White "Bjerke,S"]
[Black "Skembris,S"]
[Result "1/2-1/2"]
[WhiteElo "2198"]
[BlackElo "2475"]

1.e4 c6 2.d4 g6 3.Nc3 Bg7 4.Nf3 d5 5.h3 Nh6 6.Bf4 f6 7.Qd2 Nf7 8.Bg3 O-O
9.Be2 dxe4 10.Nxe4 Bf5 11.Nc5 b6 12.Nd3 Nd7 13.O-O e5 14.dxe5 fxe5 15.Nh2 Nc5
16.Rad1 Ne4 17.Qe3 Bh6 18.f4 Nxg3 19.Qxg3 Qd4+ 20.Kh1 exf4 21.Nxf4 Qxb2 22.Bd3 Bxf4
23.Qxf4 Bxd3 24.cxd3 Qe5 25.Qc4 Qd5 26.Qh4 Nd6 27.Ng4 Nf5 28.Rxf5 gxf5 29.Nf6+ Rxf6
30.Qxf6 Rf8 31.Qg5+ Kh8 32.Re1 Qg8 33.Qh6 c5 34.Re7 Rf7 35.Qe6 Rxe7 36.Qxe7 Qc8
37.Qxa7 b5 38.a4 bxa4 39.Qxa4  1/2-1/2

[Event "4th Paleohora Open"]
[Site "Paleochora GRE"]
[Date "2011.07.25"]
[Round "7"]
[White "Georgakopoulos,N"]
[Black "Sidiropoulos,N2"]
[Result "1-0"]
[WhiteElo "2283"]
[BlackElo "1899"]

1.e4 g6 2.d4 Bg7 3.Nc3 c6 4.h3 d6 5.Nf3 Nf6 6.Be2 O-O 7.O-O Nbd7 8.e5 Ne8
9.Bg5 h6 10.Bh4 dxe5 11.dxe5 Nc7 12.Bg3 Nb6 13.Bd3 Be6 14.Qe2 Nbd5 15.Nxd5 Bxd5
16.Nd2 c5 17.Rad1 Ne6 18.c3 Bc6 19.h4 Qd5 20.f4 Qxa2 21.Nc4 Rad8 22.Ra1 Qb3
23.Ra3 Qb5 24.Ra5 Qb3 25.Ra3 Qb5 26.b3 Bd5 27.h5 Qd7 28.hxg6 Bxg2 29.Rd1 Bc6
30.gxf7+ Kh8 31.Bc2 Qc7 32.Raa1 Rxf7 33.Rxd8+ Qxd8 34.Rd1 Qf8 35.Qd3 Qg8
36.f5 Ng5 37.e6 Nf3+ 38.Kf1 Rf8 39.Qe3 Ng5 40.Kg1 Nf3+ 41.Kf2 Ng5 42.Ke1 Nf3+
43.Ke2 Qh7 44.Rf1 Ng5 45.Ne5 Bb5+ 46.c4 Be8 47.Bd3 Bf6 48.Rh1 Qg7 49.Kd1 Kg8
50.Bf4 a5 51.Ng4 h5 52.Ne5 a4 53.Rg1 a3 54.Bb1 Kh8 55.Bxg5 Bxe5 56.Bh6 Qf6
57.Bxf8 Bd4 58.Bxe7  1-0

[Event "11th Condino Open"]
[Site "Condino ITA"]
[Date "2011.07.26"]
[Round "2"]
[White "De Vita,G"]
[Black "Qendro,L"]
[Result "1/2-1/2"]
[WhiteElo "2090"]
[BlackElo "2343"]

1.e4 g6 2.d4 Bg7 3.Nc3 c6 4.Nf3 d6 5.a4 a5 6.h3 Nf6 7.Be2 O-O 8.O-O Na6 9.Be3 Nb4
10.Qd2 Qc7 11.Rfd1 Rd8 12.Bf1 d5 13.e5 Ne4 14.Qc1 Nxc3 15.bxc3 Na6 16.Bf4 Be6
17.Rb1 c5 18.Ng5 c4 19.Nxe6 fxe6 20.Qb2 Rdb8 21.Qb6 Kf7 22.Be2 Qxb6 23.Rxb6 Nc7
24.Rdb1 Ra7 25.g4 h6 26.g5 hxg5 27.Bxg5 Na8 28.R6b5 b6 29.Bc1 Rh8 30.Bg4 Bh6
31.f4 Rc7 32.Kg2 Rc6 33.Kg3 Ke8 34.Rxa5 Nc7 35.Ra7 Kd7 36.Rb7 Ra8 37.Rb4 Ra6
38.Rb8 Ra8 39.R4xb6 Rxb6 40.Rxb6 Rxa4 41.Rb8 Ra8  1/2-1/2

[Event "11th Condino Open"]
[Site "Condino ITA"]
[Date "2011.07.27"]
[Round "4"]
[White "Pipitone,A"]
[Black "Qendro,L"]
[Result "0-1"]
[WhiteElo "1979"]
[BlackElo "2343"]

1.e4 g6 2.d4 Bg7 3.Nc3 c6 4.f4 d5 5.e5 Nh6 6.Nf3 O-O 7.Bd3 Bg4 8.O-O f6 9.Ne2 Nd7
10.c3 Bxf3 11.Rxf3 fxe5 12.dxe5 e6 13.h3 Qe7 14.Be3 Nf5 15.Bxf5 Rxf5 16.Nd4 Rf7
17.b4 Nb6 18.a4 Nc4 19.Bf2 Raf8 20.Bg3 Bh6 21.Ne2 g5 22.Bf2 b6 23.Rg3 Kh8
24.fxg5 Bxg5 25.Rf3 Rxf3 26.gxf3 Be3 27.Bxe3 Nxe3 28.Qd4 Nc2 29.Qd3 Nxa1
30.f4 Rg8+ 31.Kh2 Qh4 32.Qf3 Nc2 33.f5 d4 34.Ng3 Ne3 35.fxe6 Qxg3+ 36.Qxg3 Nf1+  0-1

[Event "ch-AUT"]
[Site "Linz AUT"]
[Date "2011.07.27"]
[Round "5"]
[White "Frank,Emanuel"]
[Black "Mayerhofer,P"]
[Result "0-1"]
[WhiteElo "1989"]
[BlackElo "2249"]

1.e4 g6 2.d4 Bg7 3.Nc3 c6 4.Be3 d5 5.f3 dxe4 6.fxe4 Nf6 7.Bc4 O-O 8.Nf3 b5
9.Bd3 Ng4 10.Qd2 Nxe3 11.Qxe3 b4 12.Ne2 Nd7 13.e5 Nb6 14.c4 bxc3 15.bxc3 Nd5
16.Qd2 Rb8 17.c4 Nb6 18.O-O Be6 19.Rac1 Qd7 20.Qf4 h6 21.Qg3 Bf5 22.Bxf5 Qxf5
23.Nd2 Qd7 24.Qe3 Rbd8 25.Nb3 Kh7 26.Qe4 Qc7 27.Nf4 Nd7 28.Nh5 f5 29.exf6 Nxf6
30.Nxf6+ exf6 31.Nc5 Rfe8 32.Qd3 f5 33.Nb3 Re4 34.Rcd1 a5 35.a4 Rde8 36.d5 cxd5
37.cxd5 Qb6+ 38.Kh1 Re3 39.Qc2 Qxb3 40.Qc6 Qxd1 41.Qb5 Qxf1+ 42.Qxf1 Re1  0-1

[Event "Montecatini Open A"]
[Site "Montecatini Terme ITA"]
[Date "2011.08.01"]
[Round "2"]
[White "Riccio,E"]
[Black "Bellini,F"]
[Result "0-1"]
[WhiteElo "2194"]
[BlackElo "2498"]

1.e4 g6 2.d4 Bg7 3.Nc3 c6 4.h3 d5 5.Nf3 Nh6 6.Be2 O-O 7.O-O f6 8.Re1 Nf7
9.Bf1 a6 10.b3 b5 11.a3 Bb7 12.Bb2 Re8 13.Qd3 e5 14.dxe5 fxe5 15.Rad1 d4
16.Ne2 c5 17.Nd2 Nd7 18.c4 Nd6 19.Rb1 Bh6 20.Ng3 Bc6 21.Bc1 Rb8 22.Nf3 Bf4
23.Nh1 Qf6 24.Nh2 bxc4 25.bxc4 Rxb1 26.Qxb1 Bxc1 27.Qxc1 Nxe4 28.f3 Nd6 29.Ng4 Qf4
30.Qxf4 exf4 31.Rxe8+ Nxe8 32.Bd3 h5 33.Nh2 Ne5 34.Nf2 Nd6 35.Ne4 Nxe4 36.Bxe4 Bxe4
37.fxe4 Nxc4  0-1

[Event "98th ch-GBR"]
[Site "Sheffield ENG"]
[Date "2011.08.04"]
[Round "10.25"]
[White "Salimbeni,G"]
[Black "Constantinou,Pe"]
[Result "1/2-1/2"]
[WhiteElo "2150"]
[BlackElo "2292"]

1.e4 g6 2.d4 Bg7 3.Nc3 c6 4.Be3 Qb6 5.Rb1 d6 6.Qd2 Qc7 7.Nf3 Nd7 8.Be2 e5
9.O-O Ngf6 10.h3 O-O 11.b4 Re8 12.dxe5 dxe5 13.a4 Nh5 14.Bc4 Nf8 15.Ng5 Re7
16.Rfd1 h6 17.Nf3 Rd7 18.Qc1 Nf4 19.Rxd7 Bxd7 20.Qb2 N8e6 21.Qb3 Nd4 22.Bxd4 exd4
23.Ne2 Nxe2+ 24.Bxe2 Qf4 25.Bc4 Re8 26.Re1 Rxe4 27.Bxf7+ Kh7 28.Rxe4 Qxe4
29.Bg8+ Kh8 30.Bc4 Qf4 31.Qd3 Kh7 32.Qe2 b5 33.axb5 cxb5 34.Bd3 Qc1+ 35.Kh2 Qf4+
36.g3 Qf8  1/2-1/2

[Event "Tabor Open"]
[Site "Tabor CZE"]
[Date "2011.08.04"]
[Round "6.18"]
[White "Cieslak,L"]
[Black "Grill,R"]
[Result "1-0"]
[WhiteElo "1973"]
[BlackElo "2153"]

1.d4 g6 2.e4 Bg7 3.Nc3 c6 4.h3 d5 5.Nf3 Nf6 6.Bd3 dxe4 7.Nxe4 Nxe4 8.Bxe4 O-O
9.c3 c5 10.Be3 Qb6 11.Qe2 Na6 12.O-O Bd7 13.dxc5 Qc7 14.Rfd1 Rac8 15.Rac1 Kh8
16.b4 e5 17.Rd6 Nb8 18.Bd5 Rce8 19.Qc4 b5 20.Qh4 Bc6 21.Bh6 Bxd5 22.Bxg7+ Kxg7
23.Qf6+ Kg8 24.Rxd5 e4 25.Nd4 Nd7 26.Qd6 Qxd6 27.Rxd6 Ne5 28.Nxb5 Nd3 29.Rc2 e3
30.fxe3 Rxe3 31.Nxa7 Ra8 32.Rd7 Ne1 33.Rc1 Rae8 34.Rcd1 Kg7 35.c6 Rxc3 36.c7 Nc2
37.Rd8  1-0

[Event "20th ZDMI Open A"]
[Site "Dresden GER"]
[Date "2011.08.07"]
[Round "2"]
[White "Rudolf,Ma"]
[Black "Maiwald,JU"]
[Result "1/2-1/2"]
[WhiteElo "2120"]
[BlackElo "2469"]

1.e4 g6 2.d4 Bg7 3.Nc3 c6 4.Be3 d6 5.Qd2 Nd7 6.g4 b5 7.f3 Nb6 8.b3 Nf6 9.h4 h5
10.g5 Nfd7 11.f4 d5 12.e5  1/2-1/2

[Event "Arad Open A"]
[Site "Arad ROU"]
[Date "2011.08.09"]
[Round "6.1"]
[White "Miron,L"]
[Black "Smith,Bry"]
[Result "1-0"]
[WhiteElo "2506"]
[BlackElo "2503"]

1.d4 g6 2.e4 Bg7 3.Nc3 c6 4.f4 d5 5.e5 Qb6 6.Nf3 Bg4 7.Be2 Nh6 8.Na4 Qa5+
9.c3 Nd7 10.b4 Qc7 11.Be3 b5 12.Nc5 Nxc5 13.bxc5 a5 14.h3 Bxf3 15.Bxf3 a4
16.g4 f6 17.Qd2 fxe5 18.fxe5 Nf7 19.Bf4 e6 20.a3 O-O-O 21.O-O-O Rdf8 22.Be2 Nd8
23.Rdf1 Rf7 24.h4 Rhf8 25.Kb1 Nb7 26.h5 Na5 27.Ka2 Nc4 28.Qc1 Qa5 29.h6 Bh8
30.Bg3 Qd8 31.Rxf7 Rxf7 32.Rf1 Rxf1 33.Qxf1 Qg5 34.Qf8+ Kb7 35.Qf7+ Ka6 36.Bf4 Qh4
37.Qg8 Nb6 38.Qb8  1-0

[Event "8th Ostroda Open"]
[Site "Ostroda POL"]
[Date "2011.08.11"]
[Round "9.7"]
[White "Gorecka,J"]
[Black "Dobrowolski,M"]
[Result "1/2-1/2"]
[WhiteElo "2113"]
[BlackElo "1945"]

1.e4 g6 2.d4 Bg7 3.Nc3 c6 4.Nf3 d5 5.exd5 cxd5 6.Bf4 Nf6 7.Be2 O-O 8.O-O Bg4
9.h3 Bxf3 10.Bxf3 Nc6 11.Be3 e6 12.Ne2 Rc8 13.c3 b5 14.Qd3 Qa5 15.Nc1 b4
16.Nb3 Qd8 17.Bd2 bxc3 18.bxc3 Nd7 19.Rfb1 Na5 20.Nxa5 Qxa5 21.Be2 Nb6  1/2-1/2

[Event "XX TCh-MKD"]
[Site "Struga MKD"]
[Date "2011.08.11"]
[Round "4"]
[White "Nikoloski,K"]
[Black "Pancevski,F"]
[Result "1/2-1/2"]
[WhiteElo "2130"]
[BlackElo "2410"]

1.e4 g6 2.d4 Bg7 3.Nc3 c6 4.Be3 d6 5.Qd2 Nf6 6.f3 Nbd7 7.Nh3 b5 8.Nf2 Nb6
9.Be2 O-O 10.Bh6 Bxh6 11.Qxh6 e5 12.dxe5 dxe5 13.h4 Nh5 14.g4 Nf4 15.Nh3 Nxh3
16.Rxh3 Be6 17.Nd1 Qe7 18.Rg3 Rfd8 19.Ne3 Qf8 20.Qxf8+ Kxf8 21.b3 a5 22.a3 Ke7
23.Rd1 Rxd1+ 24.Kxd1 b4 25.axb4 axb4 26.h5 Ra1+ 27.Kd2 Rh1 28.hxg6 fxg6 29.g5 Nc8
30.Nd1 Nd6 31.Nf2 Rh2 32.Ke3 c5 33.Rg1 c4 34.bxc4 Bxc4 35.Rb1 Bxe2 36.Kxe2 Nb5
37.Rxb4 Nd4+ 38.Kf1 Nxf3 39.Rb5 Kd6 40.c4 Nxg5 41.Rd5+ Kc6 42.Rxe5 Nf7 43.Ra5 Nd6
44.Ra6+ Kc7 45.c5 Nc4 46.Ke2 Ne5 47.Ke3 g5 48.Re6 Nd7 49.Re7 Kc6 50.Nd3 Nxc5  1/2-1/2

[Event "4th Sabadell Open A"]
[Site "Sabadell ESP"]
[Date "2011.08.15"]
[Round "6"]
[White "Perez Mitjans,O"]
[Black "Almeida Quintana,O"]
[Result "0-1"]
[WhiteElo "2452"]
[BlackElo "2548"]

1.e4 g6 2.d4 Bg7 3.Nc3 c6 4.Nf3 d6 5.h3 Nf6 6.Be2 O-O 7.O-O Qc7 8.a4 e5 9.dxe5 dxe5
10.Be3 a5 11.Nd2 Rd8 12.Qc1 Be6 13.Nc4 Nbd7 14.Rd1 Bf8 15.Bg5 Be7 16.Qe3 b6
17.Qg3 Bxc4 18.Bxc4 Nh5 19.Qh4 Bxg5 20.Qxg5 Nc5 21.b3 Kg7 22.Qe3 Nf6 23.g4 h5
24.f3 hxg4 25.hxg4 Ne8 26.Qg5 f6 27.Qh4 Nd6 28.Bf1 Nf7 29.Rxd8 Rxd8 30.Rd1 Ng5
31.Qf2 Nce6 32.Bg2 Nf4 33.Qe3 Nge6 34.Bf1 Nd4 35.Rc1 Qd6 36.Rd1 Qc5 37.Kf2 Rh8
38.Re1 Rh2+  0-1

[Event "4th Sabadell Open A"]
[Site "Sabadell ESP"]
[Date "2011.08.16"]
[Round "7"]
[White "Soumya,Sw"]
[Black "Camacho Collados,M"]
[Result "1/2-1/2"]
[WhiteElo "2338"]
[BlackElo "2404"]

1.e4 g6 2.d4 Bg7 3.Nc3 c6 4.f4 d5 5.e5 h5 6.Nf3 Bg4 7.Be3 Nh6 8.h3 Bxf3 9.gxf3 Nf5
10.Bf2 h4 11.Bd3 e6 12.O-O Nd7 13.Ne2 Bf8 14.b3 Be7 15.c4 Kf8 16.Kh2 a6 17.a4 Bb4
18.Bxf5 gxf5 19.Rg1 Ke8  1/2-1/2

[Event "10th Lichtenberger Sommer"]
[Site "Berlin GER"]
[Date "2011.08.18"]
[Round "6.59"]
[White "Kohlmeyer,D"]
[Black "Keusch,H"]
[Result "1-0"]
[WhiteElo "1879"]
[BlackElo "2004"]

1.e4 g6 2.d4 Bg7 3.Nc3 c6 4.Be3 d5 5.e5 Nh6 6.h3 f6 7.Nf3 Nf7 8.exf6 exf6
9.Qd2 O-O 10.Be2 b5 11.a3 Re8 12.O-O Nd7 13.Rfb1 a5 14.b3 Nb6 15.Nd1 Nd6
16.Bd3 Ne4 17.Qc1 Ra7 18.c4 Ba6 19.c5 Nc8 20.Nc3 b4 21.Bxa6 Nxc3 22.axb4 axb4
23.Rb2 Ne7 24.Bd3 Rxa1 25.Qxa1 Qa8 26.Qxa8 Rxa8 27.Bd2 Ra1+ 28.Kh2 Rd1 29.Ba6 f5
30.Rc2 h6 31.Bxc3 bxc3 32.Be2 Rxd4 33.Nxd4 Bxd4 34.b4 Kf7 35.Ba6 Be5+ 36.Kg1 d4
37.Kf1 Kf6 38.Bc4 g5 39.Ke2 Ng6 40.g3 Bc7 41.b5 cxb5 42.Bxb5 f4 43.Kd3 fxg3
44.fxg3 Bxg3 45.Kxd4 Be5+ 46.Ke4 Nf4 47.Rf2 Bc7 48.Ba4 Bb8 49.c6 Ke6 50.Rf3 Bc7
51.Rxc3 Ng6 52.Rb3 Ne7 53.Rd3 Nc8 54.Rd7 Bf4 55.Rh7 Nd6+ 56.Kf3 Ne8 57.Rxh6+ Nf6
58.h4 Kf5 59.hxg5 Kxg5 60.Rxf6 Bh2 61.Rf7 Kg6 62.Rd7 Kf6  1-0

[Event "Shepetivka Open"]
[Site "Shepetivka UKR"]
[Date "2011.08.18"]
[Round "3.1"]
[White "Ivanov,VA UKR"]
[Black "Polishchuk,O"]
[Result "0-1"]
[WhiteElo "2075"]
[BlackElo "2215"]

1.e4 g6 2.d4 Bg7 3.Nc3 c6 4.Be3 d5 5.Qd2 Nf6 6.e5 Ng4 7.Bf4 h5 8.h4 b5 9.Bd3 a5
10.Nce2 Na6 11.c3 Nc7 12.f3 Nh6 13.Ng3 Nf5 14.Nh3 Nxh4 15.Ng5 Nf5 16.O-O-O Nxg3
17.Bxg3 Ne6 18.f4 Nxg5 19.fxg5 b4 20.Rdf1 Be6 21.Qc2 O-O 22.Rf4 bxc3 23.Qxc3 c5
24.dxc5 Qc7 25.Re1 Rac8 26.Bf2 f6 27.gxf6 Bh6 28.g3 exf6 29.exf6 Bxf4+ 30.gxf4 Qxf4+
31.Be3 Qxf6 32.Bd4 Qf7 33.Re5 Rce8 34.Kc2 Bf5 35.Rxf5 gxf5 36.Qxa5 Re4 37.Qc3 Qa7
38.Bxe4 fxe4 39.Qg3+ Kh7 40.a3 Qa4+ 41.Kb1 Qxd4 42.Qc7+ Qg7 43.Qd6 Re8 44.Qxd5 Re5
45.Qd4 e3 46.Ka2 e2 47.Qd3+ Qg6 48.Qd7+ Kg8 49.Qd8+ Re8  0-1

[Event "Botvinnik 100th Open"]
[Site "St Petersburg RUS"]
[Date "2011.08.20"]
[Round "9"]
[White "Kovchan,A"]
[Black "Kashtanov,R"]
[Result "1-0"]
[WhiteElo "2554"]
[BlackElo "2360"]

1.e4 g6 2.d4 Bg7 3.Nc3 c6 4.f4 d5 5.e5 Nh6 6.Nf3 f6 7.Be2 O-O 8.O-O Bg4 9.Be3 e6
10.h3 Bxf3 11.Bxf3 c5 12.exf6 Bxf6 13.dxc5 Nc6 14.Bf2 Nf5 15.Bg4 Qc7 16.Qd2 Qg7
17.Rae1 Rae8 18.Nb5 h5 19.Bxf5 gxf5 20.c3 a6 21.Nd4 Kf7 22.Nxc6 bxc6 23.Bd4 Rg8
24.Rf3 Rb8 25.Re2 a5 26.Rfe3 Rge8 27.Kh2 Bxd4 28.cxd4 Rb4 29.Re5 Qg6 30.a3 Rb5
31.b4 axb4 32.axb4 h4 33.R2e3 Qh6 34.Ra3 Reb8 35.Ra7+ R8b7 36.Rxb7+ Rxb7
37.Re1 Qg6 38.Re3 Qh6 39.Rb3 Ke7 40.Qe3 Qg7 41.Qf2 Qh8 42.Ra3 Kd7 43.b5 cxb5
44.Ra6 Ke7 45.Qe1 Qf6 46.c6 Rc7 47.Qa5 Rc8 48.Ra7+ Kf8 49.Qa6 Re8 50.c7 Qg6
51.Kh1  1-0

[Event "Stare Mesto FIDE Open"]
[Site "Stare Mesto CZE"]
[Date "2011.08.20"]
[Round "10"]
[White "Chudinovskikh,A"]
[Black "Karhanek,P"]
[Result "1/2-1/2"]
[WhiteElo "2302"]
[BlackElo "2119"]

1.e4 g6 2.d4 Bg7 3.Nc3 c6 4.Bc4 d5 5.exd5 b5 6.Bb3 b4 7.Nce2 cxd5 8.a3 bxa3
9.Rxa3 Nf6 10.Nf3 O-O 11.Ne5 Bb7 12.O-O Nbd7 13.Nf4 e6 14.Nfd3 Nxe5 15.Nxe5 Ne4
16.c3 Qe7 17.Nd3 Rfc8 18.Ra2 Bc6 19.Re1 Qd8 20.f3 Nd6 21.Bf4 Bb5 22.Ne5 a5
23.Bc2 Nc4 24.Nxc4 Bxc4 25.b3 Bb5 26.Bd2 Qc7 27.f4 Ra6 28.Qf3 Bf6 29.g4 Bg7
30.Kh1 Qd7 31.Rea1 Rca8 32.h3 R8a7 33.Kh2 Qc8 34.Kg3 Bf8 35.h4 Bd6 36.Kg2 Bd7
37.h5 e5 38.fxe5 Bxg4 39.Qg3 Be7 40.hxg6 hxg6 41.Rh1 Bf8 42.Raa1 Bg7 43.Qh4 Bh5
44.Qg3 Rc7 45.Rae1 Rac6 46.Bd3 Rb7 47.Rb1 Rcb6 48.Bc2 a4 49.b4 Rxb4 50.Rxb4 Rxb4
51.cxb4 Qxc2 52.Qe3 Bh6 53.Qxh6 Qe4+ 54.Kh2 Qe2+ 55.Kg3 Qf3+ 56.Kh2 Qf2+
57.Kh3 Qf3+  1/2-1/2

[Event "31st Presolana Open"]
[Site "Presolana ITA"]
[Date "2011.08.22"]
[Round "3"]
[White "Reinaldo Castineira,R"]
[Black "Qendro,L"]
[Result "1-0"]
[WhiteElo "2492"]
[BlackElo "2343"]

1.d4 g6 2.e4 Bg7 3.Nc3 c6 4.h3 d6 5.Be3 Qb6 6.Rb1 Nf6 7.g4 O-O 8.Bg2 Qc7
9.Nge2 b5 10.Ng3 e5 11.O-O b4 12.Nce2 Ba6 13.Qd2 Bxe2 14.Nxe2 Na6 15.Ng3 c5
16.c3 bxc3 17.bxc3 Rab8 18.Rxb8 Rxb8 19.dxe5 dxe5 20.Rd1 Bf8 21.Bf1 c4 22.g5 Ne8
23.Qd7 Nd6 24.Qxc7 Nxc7 25.Bxa7 Ra8 26.Bc5 Ncb5 27.Rd2 Ra4 28.Bb4 h6 29.gxh6 Ra6
30.h7+ Kxh7 31.Be2 Kg7 32.Kg2 f6 33.Bd1 Na3 34.Be2 Nab5 35.h4 Kf7 36.h5 gxh5
37.Bxh5+ Ke7 38.Bd1 Bh6 39.Nf5+  1-0

[Event "26th Schwarzacher Open"]
[Site "Schwarzach AUT"]
[Date "2011.08.26"]
[Round "7"]
[White "Egle,M"]
[Black "Legahn,D"]
[Result "1-0"]
[WhiteElo "2095"]
[BlackElo "2150"]

1.e4 g6 2.d4 Bg7 3.Nc3 c6 4.Nf3 d5 5.h3 dxe4 6.Nxe4 Nd7 7.Bc4 Nh6 8.Qe2 O-O
9.Bg5 Nb6 10.Bb3 Nf5 11.O-O-O h6 12.Bf4 a5 13.a3 a4 14.Ba2 Nd5 15.Bh2 b6
16.Ne5 Bb7 17.g4 Nd6 18.Rhe1 Nxe4 19.Qxe4 Qc8 20.h4 b5 21.c3 e6 22.Qc2 c5
23.dxc5 Rd8 24.h5 gxh5 25.gxh5 Qxc5 26.Rg1 Nf6 27.Qe2 Rxd1+ 28.Kxd1 Rd8+
29.Kc1 Rd4 30.Qe3 Rd5 31.Qxh6  1-0

[Event "10th Sunny Beach Open"]
[Site "Sunny Beach BUL"]
[Date "2011.08.27"]
[Round "1.56"]
[White "Svoboda,Frantisek"]
[Black "Boguszlavszkij,J"]
[Result "0-1"]
[WhiteElo "1775"]
[BlackElo "2212"]

1.Nc3 g6 2.d4 Bg7 3.e4 c6 4.Nf3 d5 5.e5 Bg4 6.h3 Bxf3 7.Qxf3 e6 8.Bd3 Nd7
9.Ne2 Ne7 10.O-O O-O 11.c3 c5 12.Bf4 Nc6 13.Rab1 Qb6 14.Qe3 cxd4 15.cxd4 Nb4
16.a3 Nxd3 17.Qxd3 Rac8 18.Be3 Rc6 19.Qd2 Rfc8 20.Rfc1 Qa6 21.Rxc6 Rxc6 22.Rc1 Rxc1+
23.Nxc1 Nb6 24.Qc3 Nc4 25.Bg5 Qa5 26.Qxa5 Nxa5 27.Nd3 Nb3 28.Be3 Kf8 29.Kf1 Ke8
30.Ke2 Bf8 31.Kd1 Kd7 32.Kc2 Na5 33.f4 h5 34.g3 Be7 35.a4 Kc6 36.b4 Nc4 37.b5+ Kb6
38.Bc1 a6 39.bxa6 Kxa6 40.Kb3 Kb6 41.Nb2 Na5+ 42.Kc3 Nc6 43.Be3 Bb4+ 44.Kd3 Ka5
45.Kc2 Ba3 46.Bd2+ Kb6 47.Bc3 Bxb2 48.Kxb2 Ne7 49.g4 Ng8 50.g5 Ne7 51.Be1 Nc6
52.Bc3 Na5 53.Bxa5+ Kxa5 54.Kb3 h4 55.Ka3 b6 56.Kb3 b5 57.axb5 Kxb5 58.Kc3 Ka4  0-1

[Event "Trade Fair Open A"]
[Site "Brno CZE"]
[Date "2011.08.28"]
[Round "9"]
[White "Olsarova,T"]
[Black "Spodny,J"]
[Result "1-0"]
[WhiteElo "2242"]
[BlackElo "2074"]

1.e4 g6 2.d4 Bg7 3.Nc3 c6 4.Be3 d5 5.e5 Nh6 6.f3 f6 7.exf6 exf6 8.Qd2 Nf5
9.O-O-O Nxe3 10.Qxe3+ Kf7 11.h4 h5 12.Qf2 Qd6 13.Bd3 Bf5 14.g4 Bxd3 15.Rxd3 Nd7
16.Nge2 Rae8 17.Ng3 Re6 18.Kb1 Ke8 19.gxh5 gxh5 20.Nf5 Qf8 21.Qg3 Bh6 22.Qc7 Nb6
23.Qb8+  1-0

[Event "10th Sunny Beach Open"]
[Site "Sunny Beach BUL"]
[Date "2011.08.28"]
[Round "2.3"]
[White "Voicu,C"]
[Black "Petrov,Marij"]
[Result "1-0"]
[WhiteElo "2290"]
[BlackElo "2534"]

1.e4 g6 2.d4 Bg7 3.Nc3 c6 4.Bc4 d6 5.Qf3 e6 6.Nge2 Nd7 7.Bb3 Ngf6 8.Bg5 h6
9.Bf4 e5 10.dxe5 dxe5 11.Be3 Qe7 12.h3 Nc5 13.g4 a5 14.Ng3 b5 15.a3 Nxb3
16.cxb3 Be6 17.Qd1 h5 18.f3 hxg4 19.hxg4 Rxh1+ 20.Nxh1 Nh7 21.Qc2 Rc8 22.O-O-O f6
23.Rd3 Ng5 24.Bb6 b4 25.axb4 Qxb4 26.Na4 Nxf3 27.Rxf3 Qe1+ 28.Qd1 Bh6+ 29.Kc2 Qxe4+
30.Qd3 Bd5 31.Rh3 Qg2+ 32.Nf2 e4 33.Qa6 Rb8 34.Rxh6 Qg3 35.Rh8+ Kf7 36.Qa7+ Ke6
37.Nc5+  1-0

[Event "Circuito CBX IM"]
[Site "Natal BRA"]
[Date "2011.08.29"]
[Round "6"]
[White "Macedo,MIa"]
[Black "Silveira Filho,N"]
[Result "1-0"]
[WhiteElo "2309"]
[BlackElo "2237"]

1.d4 g6 2.e4 Bg7 3.Nc3 c6 4.f4 d5 5.e5 h5 6.Be3 Nh6 7.Nf3 Nd7 8.Qd2 Nf8 9.g3 Bg4
10.Be2 Nf5 11.Bf2 Ne6 12.h3 Bxf3 13.Bxf3 Bh6 14.Ne2 g5 15.Qd3 g4 16.hxg4 hxg4
17.Bxg4 Nfg7 18.f5 Qa5+ 19.Kf1 Ng5 20.f6 exf6 21.exf6 N7e6 22.Bxe6 fxe6 23.Qg6+ Kd7
24.Rxh6 Rag8 25.Qh5 Rxh6 26.Qxh6 Qd8 27.Kg2 Qe8 28.Nf4 Nf7 29.Qh5 Rh8 30.Qg4 Rg8
31.Ng6 Kc7 32.Qf4+ Kb6 33.Ne5 Rh8 34.Rh1  1-0

[Event "Richard Reti Mem"]
[Site "Trnava SVK"]
[Date "2011.08.29"]
[Round "1.2"]
[White "Jurcik,Mari"]
[Black "Prikler,Bruno"]
[Result "1-0"]
[WhiteElo "2481"]
[BlackElo "2037"]

1.e4 g6 2.d4 Bg7 3.Nc3 c6 4.f4 b5 5.Nf3 a5 6.Bd3 Ba6 7.O-O Qb6 8.e5 Nh6 9.Ne4 b4
10.c4 bxc3 11.bxc3 Bxd3 12.Qxd3 Na6 13.Rb1 Qa7 14.Ba3 Nc7 15.Bc5 Qa6 16.Qxa6 Nxa6
17.Rb7 Nf5 18.Rfb1 Rc8 19.Ba3 Ne3 20.R1b6 Nc4 21.Rxa6 Nxa3 22.Raa7  1-0

[Event "72nd ch-ARM 1st League"]
[Site "Kajaran ARM"]
[Date "2011.08.30"]
[Round "12"]
[White "Mkrtchian,L"]
[Black "Kalashian,D"]
[Result "1/2-1/2"]
[WhiteElo "2463"]
[BlackElo "2410"]

1.d4 c6 2.e4 g6 3.Nc3 Bg7 4.Nf3 d6 5.Be3 Nf6 6.h3 O-O 7.Qd2 Nbd7 8.Bd3 e5
9.dxe5 dxe5 10.Ne2 Nh5 11.O-O-O a5 12.g4 Nf4 13.Nxf4 exf4 14.Bxf4 a4 15.a3 Qb6
16.e5 Nc5 17.Be3 Nxd3+ 18.Qxd3 Qa5 19.Rhe1 Be6 20.Bg5 b5 21.Nd4 Bd5 22.Bf6 b4
23.Bxg7 Kxg7 24.f4 Rfb8 25.f5 bxa3 26.Qxa3 Qb4 27.f6+ Kg8 28.e6 fxe6 29.Nxe6 Qxa3
30.bxa3 Ba2 31.Nd4 c5 32.Nc6 Rb1+ 33.Kd2 Rb6 34.Ne7+ Kf7 35.g5 h6 36.h4 Rh8
37.Kc3 Be6 38.Nd5 Rb7 39.Nf4 Bf5 40.Rb1 Rxb1 41.Rxb1 hxg5 42.hxg5 Rh2 43.Rb7+ Kf8
44.Nd3 Bxd3 45.Kxd3 Rg2 46.Rg7 Rxg5 47.Kc4 Rg2 48.c3 Ra2 49.Rxg6 Kf7 50.Rg3 Kxf6
51.Kxc5 Rxa3 52.Kb4 Ra1 53.Re3 a3 54.Kb3 Kf5 55.Re2 Kf6 56.Ra2 Rc1 57.Re2 Ra1
58.c4 Kf7 59.Ra2 Rxa2 60.Kxa2 Ke6 61.Kxa3 Kd6  1/2-1/2

[Event "10th Sunny Beach Open"]
[Site "Sunny Beach BUL"]
[Date "2011.09.01"]
[Round "6.12"]
[White "Motuz,K"]
[Black "Petrov,Marij"]
[Result "1/2-1/2"]
[WhiteElo "2325"]
[BlackElo "2534"]

1.d4 g6 2.e4 Bg7 3.Nc3 c6 4.Be3 d5 5.Nf3 dxe4 6.Nxe4 Bf5 7.Ng3 Bg4 8.Bc4 e6
9.h3 Bxf3 10.Qxf3 Nf6 11.h4 h5 12.O-O-O Nbd7 13.Bg5 Qc7 14.Rhe1 O-O 15.Ne4 Nxe4
16.Rxe4 b5 17.Bf1 e5 18.dxe5 Nxe5 19.Qg3 Rfe8 20.Rde1 f6 21.Bxf6 Bxf6 22.f4 Bg7
23.fxe5 Re6 24.Qc3 Qe7 25.a4 a6 26.Kb1 Re8 27.Qa5  1/2-1/2